Оптимизация управляемых систем массового обслуживания при больших загрузках: диссертация на соискание ученой степени кандидата технических наук; Спец. 05.13.01

Bibliographic Details
Main Author: Прагер М.Л. Михаил Львович
Corporate Author: Томский государственный университет
Other Authors: Терпугов А.Ф. (научный руководитель)
Language:Russian
Published: Томск, [Б. и.], 1981
Subjects:
Format: Book
KOHA link:https://koha.lib.tpu.ru/cgi-bin/koha/opac-detail.pl?biblionumber=75033

MARC

LEADER 00000nbm0a2200000 4500
001 75033
005 20250225063226.0
035 |a (RuTPU)RU\TPU\book\80011 
090 |a 75033 
100 |a 20050317d1981 k y0rusy50 ca 
101 0 |a rus 
102 |a RU 
105 |a a m 001zy 
200 1 |a Оптимизация управляемых систем массового обслуживания при больших загрузках  |e диссертация на соискание ученой степени кандидата технических наук  |e Спец. 05.13.01  |f М.Л. Прагер  |g Томский государственный университет; науч. рук. А.Ф. Терпугов 
210 |a Томск  |c [Б. и.]  |d 1981 
215 |a 196 л.  |c ил. 
320 |a Библиогр.: с. 147-166 (назв.195) 
610 1 |a кибернетика 
610 1 |a информация 
610 1 |a управляемые системы 
610 1 |a массовое обслуживание 
610 1 |a алгоритмы 
610 1 |a оптимизация 
610 1 |a теория 
675 |a 519.87(048)  |v 3 
686 |a 05.13.01  |2 oksvnk 
700 1 |a Прагер  |b М.Л.  |g Михаил Львович 
702 1 |a Терпугов  |b А.Ф.  |4 727 
712 0 2 |a Томский государственный университет  |c 1917-2009  |7 ca  |8 rus  |2 stltpush  |3 (RuTPU)RU\TPU\col\397  |9 23396 
801 1 |a RU  |b 63413507  |c 20050317  |g PSBO 
801 2 |a RU  |b 63413507  |c 20131209  |g RCR 
942 |c BK